000 00352 a2200157 4500
001 60480
020 _a8570568940
040 _cAnchieta - Pituba
100 _aFurlan, Sueli Angelo
240 1 0 _aAgricultura e meio ambiente
_lpor
245 1 0 _aAgricultura e meio ambiente
300 _a95
362 0 _a1998
650 4 _a.Agricultura
942 _cBK
999 _c60480
_d60480